[Event "FIDE Womens World Cup 2021"]
[Site "Sochi"]
[Date "2021.08.02"]
[Round "7.2"]
[White "Muzychuk, Anna"]
[Black "Tan, Zhongyi"]
[Result "1/2-1/2"]
[WhiteElo "2527"]
[BlackElo "2511"]
[Annotator "ChessBase"]
[PlyCount "98"]
[EventDate "2021.07.12"]
[EventType "k.o."]
[EventCountry "RUS"]
[SourceTitle "playchess.com"]
[Source "ChessBase"]
[SourceQuality "1"]
[TimeControl "40/5400+30:1800+30"]

1. e4 {[%emt 0:00:03]} e5 {[%emt 0:00:04]} 2. Nf3 {[%emt 0:00:06]} Nf6 {[%emt 0:00:06]} 3. Nxe5 {[%emt 0:00:06]} d6 {[%emt 0:00:04]} 4. Nf3 {[%emt 0:00:07]} Nxe4 {[%emt 0:00:07]} 5. Bd3 {[%emt 0:00:08]} Nf6 {[%emt 0:02:18]} 6. O-O {[%emt 0:00:29]} Be7 {[%emt 0:00:04]} 7. h3 {[%emt 0:00:34]} O-O {[%emt 0:00:07]} 8. c3 {[%emt 0:00:11]} Nbd7 {[%emt 0:05:49]} 9. Bc2 {[%emt 0:00:28]} Ne5 {[%emt 0:03:05]} 10. Nh4 {[%emt 0:06:58]} Ng6 {[%emt 0:06:37]} 11. Nf5 {[%emt 0:01:16]} Re8 {[%emt 0:00:08]} 12. d4 {[%emt 0:10:36]} Bf8 {[%emt 0:05:14]} 13. Nd2 {[%emt 0:03:42]} d5 {[%emt 0:03:45]} 14. Ng3 {[%emt 0:06:04]} Bd6 {[%emt 0:03:03]} 15. Re1 {[%emt 0:02:47]} Bd7 {[%emt 0:16:52]} 16. Ndf1 {[%emt 0:04:14]} Rxe1 {[%emt 0:00:44]} 17. Qxe1 {[%emt 0:00:00]} Qf8 {[%emt 0:00:46]} 18. Nf5 {[%emt 0:04:54]} Re8 {[%emt 0:00:16]} 19. Qd1 {[%emt 0:01:24]} Ne4 {[%emt 0:02:57]} 20. Nxd6 {[%emt 0:08:09]} Qxd6 {[%emt 0:00:06]} 21. a4 {[%emt 0:02:39]} h6 {[%emt 0:08:07]} 22. Be3 {[%emt 0:06:01]} f5 {[%emt 0:03:18]} 23. f3 {[%emt 0:03:35]} Ng5 {[%emt 0:01:26]} 24. Bxg5 {[%emt 0:03:52]} hxg5 {[%emt 0:00:06]} 25. Qd2 {[%emt 0:00:29]} Qe7 {[%emt 0:07:39]} 26. g3 {[%emt 0:16:05]} Qe2 {[%emt 0:03:23]} 27. Bd1 {[%emt 0:00:33]} Qe7 {[%emt 0:05:40]} 28. Bc2 {[%emt 0:00:13]} Qe2 {[%emt 0:10:29]} 29. Bd1 {[%emt 0:00:05]} Qa6 {[%emt 0:02:54]} 30. Bb3 {[%emt 0:06:16]} c6 {[%emt 0:01:01]} 31. Re1 {[%emt 0:05:19]} Qb6 {[%emt 0:00:11]} 32. Rxe8+ {[%emt 0:02:12]} Bxe8 {[%emt 0:00:04]} 33. Bd1 {[%emt 0:01:41]} f4 {[%emt 0:00:34]} 34. g4 {[%emt 0:01:55]} c5 {[%emt 0:00:42]} 35. dxc5 {[%emt 0:03:19]} Qxc5+ {[%emt 0:00:05]} 36. Qf2 {[%emt 0:00:06]} b6 {[%emt 0:00:18]} 37. Nd2 {[%emt 0:01:30]} Ne5 {[%emt 0:00:24]} 38. Qxc5 {[%emt 0:00:42]} bxc5 {[%emt 0:00:06]} 39. b4 {[%emt 0:00:11]} c4 {[%emt 0:02:19]} 40. Nb1 {[%emt 0:00:48]} Kf8 {[%emt 0:05:44]} 41. Na3 {[%emt 0:04:13]} Ke7 {[%emt 0:00:20]} 42. Kf1 {[%emt 0:05:53]} a6 {[%emt 0:11:46]} 43. Ke2 {[%emt 0:06:52]} Bc6 {[%emt 0:02:04]} 44. Kd2 {[%emt 0:04:34]} Kd6 {[%emt 0:00:12]} 45. a5 {[%emt 0:04:07]} Be8 {[%emt 0:02:11]} 46. Nc2 {[%emt 0:02:35]} Nc6 {[%emt 0:00:09]} 47. Nd4 {[%emt 0:01:59]} Bd7 {[%emt 0:01:59]} 48. Bc2 {[%emt 0:00:33]} Nxd4 {[%emt 0:01:13]} 49. cxd4 {[%emt 0:00:00]} Bb5 {[%emt 0:00:30]} 1/2-1/2

[Event "FIDE Womens World Cup 2021"]
[Site "Sochi"]
[Date "2021.08.02"]
[Round "7.2"]
[White "Kosteniuk, Alexandra"]
[Black "Goryachkina, Aleksandra"]
[Result "1/2-1/2"]
[WhiteElo "2472"]
[BlackElo "2596"]
[Annotator "TA"]
[PlyCount "117"]
[EventDate "2021.07.12"]
[EventType "k.o."]
[EventCountry "RUS"]
[SourceTitle "playchess.com"]
[Source "ChessBase"]
[SourceQuality "1"]

{[%evp 9,117,0,9,13,15,14,13,0,0,-4,13,22,39,42,50,25,57,12,14,11,41,33,40,44,63,63,57,58,66,48,75,71,79,85,90,8,17,0,44,45,82,42,50,-10,12,29,29,0,0,0,0,0,0,0,0,8,30,36,51,8,13,0,0,0,0,0,0,0,37,37,35,0,29,41,67,62,101,61,181,179,510,464,726,504,1049,1013,995,954,4712,3601,3564,3342,1752,1660,29958,29961,29962,29965,29965,29965,29962,29968,29962,29970,29969,29970,29970,29971,29966,12850]} 1. e4 e6 2. d4 d5 3. Nd2 c5 4. exd5 Qxd5 5. dxc5 Qxc5 (5... Bxc5 {seems wilder.} 6. Ngf3 Nf6 7. Bd3 b6 8. Nb3 O-O) 6. Ngf3 {C07: French Tarrasch: 3...c5, 4 Ngf3 and 4 exd5 Qxd5.} Nf6 7. Bd3 Nbd7 (7... Be7 {is more complex.} 8. c3 Qc7 9. O-O b6 10. Ne4 Nbd7) 8. Qe2 {The position is equal.} (8. O-O {with more complications.} Be7 9. Re1 Qc7 10. Ne4 b6 11. c3) 8... Qc7 9. O-O b6 10. Ne4 Bb7 11. Nxf6+ gxf6 12. Be4 {[#]} Rc8 $146 ({Predecessor:} 12... Bxe4 13. Qxe4 Rc8 14. c3 Qc4 15. Nd4 Nc5 16. Qf3 Be7 17. Rd1 Rg8 18. Be3 f5 {½-½ (52) Shahade,G (2459)-Young,A (2350) Saint Louis 2011}) 13. Bf4 Qxf4 14. Bxb7 Rc7 15. Ba6 Bc5 16. Rad1 Ke7 17. c3 {Strongly threatening b4.} Ne5 18. Nxe5 Qxe5 19. Qd3 Bd6 {[%csl Gd6][%cal Re5h2]} 20. f4 Qc5+ 21. Kh1 Rd7 22. Qe2 (22. f5 $16) 22... h5 23. Bc4 Rc8 24. Bb3 Qf5 $1 25. Rd4 Rdd8 26. Rfd1 (26. Bc2 $14 Qc5 27. Re4) 26... Bc7 27. Bc2 Qg4 28. Qa6 (28. Qc4 $5 {[%cal Rd4d8]} Rxd4 29. Rxd4 $14 (29. Qxd4 Rd8 $15)) 28... Rxd4 29. Rxd4 {Qa3+ would kill now.} Rd8 {...Rxd4 is the strong threat.} 30. Qa3+ ({Don't blunder} 30. Qxa7 $2 Rxd4 31. Qxc7+ Rd7 $19) 30... Bd6 31. Qxa7+ {[%mdl 64] [#] Double Attack} Rd7 32. Qa6 ({Don't go for} 32. Qxb6 $2 Qe2 $19) 32... h4 33. Qd3 ({Not} 33. Qxb6 $2 Qe2 $19) 33... f5 34. b4 {Hoping for Ba4.} h3 $1 35. gxh3 Qg8 36. Bb3 Qa8+ 37. Kg1 Rd8 {And now ...Rg8+ would win.} 38. Kf2 $1 Bxf4 39. Rxd8 Qxd8 40. Qxd8+ Kxd8 $11 {[%mdl 4096] Endgame KB-KB} 41. Ke2 Ke7 42. a4 Bc7 {Black is now going downhill.} 43. h4 Kf6 (43... f4 $14) 44. Kd3 $18 Kg6 $2 (44... e5 {is a better chance.} 45. c4 f4) 45. Kc4 f4 (45... Kf6 $142 46. Kb5 Ke7) 46. Kb5 f3 (46... e5 $142 47. a5 bxa5) 47. a5 bxa5 48. bxa5 e5 49. a6 Bb8 50. Kb6 e4 51. Bd1 f5 52. Kb7 {White mates.} f2 53. Be2 f4 54. Kxb8 f3 55. Bc4 e3 56. a7 f1=Q 57. Bxf1 e2 {[#]} 58. Bxe2 $1 {[%mdl 64] Promotion} fxe2 59. a8=Q {[%mdl 32768] Weighted Error Value: White=0.09/Black=0.35. An unexpected result.} 1/2-1/2

[Event "FIDE Womens World Cup 2021"]
[Site "Sochi"]
[Date "2021.08.03"]
[Round "7.3"]
[White "Muzychuk, Anna"]
[Black "Tan, Zhongyi"]
[Result "0-1"]
[WhiteElo "2527"]
[BlackElo "2511"]
[Annotator "ChessBase"]
[PlyCount "98"]
[EventDate "2021.07.12"]
[EventType "k.o."]
[EventCountry "RUS"]
[SourceTitle "playchess.com"]
[Source "ChessBase"]
[SourceQuality "1"]
[TimeControl "1500+10"]

1. e4 {[%emt 0:00:01]} e5 {[%emt 0:00:01]} 2. Nf3 {[%emt 0:00:02]} Nf6 {[%emt 0:00:02]} 3. Nxe5 {[%emt 0:00:03]} d6 {[%emt 0:00:01]} 4. Nf3 {[%emt 0:00:01]} Nxe4 {[%emt 0:00:02]} 5. Nc3 {[%emt 0:00:02]} Nxc3 {[%emt 0:00:04]} 6. dxc3 {[%emt 0:00:01]} Nd7 {[%emt 0:00:02]} 7. Be3 {[%emt 0:01:00]} Nf6 {[%emt 0:00:02]} 8. Qd2 {[%emt 0:03:55]} g6 {[%emt 0:00:01]} 9. O-O-O {[%emt 0:05:12]} Bg7 {[%emt 0:00:02]} 10. Bg5 {[%emt 0:00:57]} O-O {[%emt 0:00:04]} 11. Qf4 {[%emt 0:00:19]} d5 {[%emt 0:00:19]} 12. h4 {[%emt 0:01:50]} c6 {[%emt 0:00:26]} 13. h5 {[%emt 0:00:38]} Nxh5 {[%emt 0:00:40]} 14. Qh4 {[%emt 0:05:54]} f6 {[%emt 0:00:23]} 15. Be3 {[%emt 0:00:00]} f5 {[%emt 0:00:42]} 16. Bg5 {[%emt 0:00:17]} Qa5 {[%emt 0:00:21]} 17. Kb1 {[%emt 0:00:28]} Re8 {[%emt 0:03:29]} 18. Bd3 {[%emt 0:00:12]} c5 {[%emt 0:00:39]} 19. Rhe1 {[%emt 0:02:48]} Be6 {[%emt 0:00:11]} 20. Ne5 {[%emt 0:02:51]} d4 {[%emt 0:02:11]} 21. c4 {[%emt 0:00:42]} Bf7 {[%emt 0:00:21]} 22. Bd2 {[%emt 0:00:50]} Qd8 {[%emt 0:00:31]} 23. Qh2 {[%emt 0:00:15]} Qc7 {[%emt 0:00:49]} 24. f4 {[%emt 0:00:01]} b5 {[%emt 0:00:10]} 25. Nxf7 {[%emt 0:00:28]} Qxf7 26. b3 b4 {[%emt 0:00:45]} 27. g3 {[%emt 0:00:19]} Nf6 {[%emt 0:00:45]} 28. Qg2 {[%emt 0:00:03]} a5 {[%emt 0:00:51]} 29. a4 {[%emt 0:00:29]} bxa3 {[%emt 0:00:16]} 30. Rxe8+ {[%emt 0:00:01]} Rxe8 {[%emt 0:00:32]} 31. Bxa5 {[%emt 0:00:02]} a2+ {[%emt 0:01:26]} 32. Ka1 {[%emt 0:00:00]} Qa7 {[%emt 0:01:30]} 33. Bd2 {[%emt 0:00:04]} Ng4 {[%emt 0:02:29]} 34. Qd5+ {[%emt 0:00:17]} Kh8 {[%emt 0:00:03]} 35. Qc6 {[%emt 0:00:13]} Ra8 {[%emt 0:00:31]} 36. Bc1 {[%emt 0:00:37]} Ne3 {[%emt 0:00:13]} 37. Rd2 {[%emt 0:00:09]} Qa5 {[%emt 0:00:11]} 38. Bb2 {[%emt 0:00:09]} h6 {[%emt 0:03:56]} 39. Re2 {[%emt 0:00:10]} Kh7 {[%emt 0:01:07]} 40. g4 {[%emt 0:00:08]} Nxg4 {[%emt 0:01:00]} 41. Re7 {[%emt 0:00:08]} Ra7 {[%emt 0:00:08]} 42. Rxa7 {[%emt 0:00:20]} Qxa7 {[%emt 0:00:02]} 43. Qa4 {[%emt 0:00:04]} Qc7 {[%emt 0:00:18]} 44. Kxa2 {[%emt 0:00:01]} Qxf4 {[%emt 0:00:15]} 45. Qc6 {[%emt 0:00:12]} Qe5 {[%emt 0:00:23]} 46. b4 {[%emt 0:00:23]} cxb4 {[%emt 0:00:20]} 47. c5 {[%emt 0:00:00]} Ne3 {[%emt 0:01:13]} 48. Kb3 {[%emt 0:00:14]} h5 {[%emt 0:00:05]} 49. Kxb4 {[%emt 0:00:09]} h4 {[%emt 0:00:09]} 0-1

[Event "FIDE Womens World Cup 2021"]
[Site "Sochi"]
[Date "2021.08.03"]
[Round "7.4"]
[White "Tan, Zhongyi"]
[Black "Muzychuk, Anna"]
[Result "1/2-1/2"]
[WhiteElo "2511"]
[BlackElo "2527"]
[Annotator "ChessBase"]
[PlyCount "53"]
[EventDate "2021.07.12"]
[EventType "k.o."]
[EventCountry "RUS"]
[SourceTitle "playchess.com"]
[Source "ChessBase"]
[SourceQuality "1"]
[TimeControl "1500+10"]

1. d4 {[%emt 0:00:03]} d5 {[%emt 0:00:14]} 2. c4 {[%emt 0:00:03]} e5 {[%emt 0:00:10]} 3. dxe5 {[%emt 0:00:40]} Ne7 {[%emt 0:00:45]} 4. Nf3 {[%emt 0:00:24]} Nbc6 {[%emt 0:00:28]} 5. Nbd2 {[%emt 0:03:04]} dxc4 {[%emt 0:04:52]} 6. e3 {[%emt 0:00:09]} b5 {[%emt 0:00:17]} 7. a4 {[%emt 0:00:22]} Bg4 {[%emt 0:00:03]} 8. axb5 {[%emt 0:02:25]} Nxe5 {[%emt 0:00:04]} 9. Qa4 {[%emt 0:00:09]} Nd3+ {[%emt 0:08:12]} 10. Bxd3 {[%emt 0:00:07]} Qxd3 {[%emt 0:00:01]} 11. b6+ {[%emt 0:00:58]} Bd7 {[%emt 0:02:25]} 12. Qxa7 {[%emt 0:04:03]} Rd8 {[%emt 0:01:52]} 13. Ne5 {[%emt 0:00:33]} Qd5 {[%emt 0:00:03]} 14. Nxd7 {[%emt 0:02:23]} Qxg2 {[%emt 0:00:04]} 15. Rf1 {[%emt 0:00:06]} Nc6 {[%emt 0:00:11]} 16. Qb7 {[%emt 0:00:53]} Kxd7 {[%emt 0:00:59]} 17. Nxc4 {[%emt 0:01:37]} Bb4+ {[%emt 0:00:56]} 18. Bd2 {[%emt 0:00:02]} Bxd2+ {[%emt 0:00:13]} 19. Nxd2 {[%emt 0:00:03]} Rb8 {[%emt 0:01:31]} 20. Qxc7+ {[%emt 0:00:08]} Ke6 {[%emt 0:00:00]} 21. b7 {[%emt 0:02:57]} Rhd8 {[%emt 0:02:08]} 22. Ra6 {[%emt 0:00:24]} Rd6 {[%emt 0:00:04]} 23. Qc8+ {[%emt 0:03:47]} Ke7 {[%emt 0:01:10]} 24. Qc7+ {[%emt 0:00:37]} Ke6 {[%emt 0:00:06]} 25. Qc8+ {[%emt 0:00:02]} Ke7 {[%emt 0:00:30]} 26. Qc7+ {[%emt 0:00:07]} Ke6 {[%emt 0:00:01]} 27. Qc8+ 1/2-1/2